000 00684nam a22002297a 4500
003 UA-OsUOA
001 51037
007 ta
008 20140717b un ||||| |||| 00| 0 ukr d
090 _a082
_bИ99
942 _cBK
040 _aUA-OsUOA
_bukr
_cUA-OsUOA
_dUA-OsUOA
245 _aІсторичні джерела та їх використання
_b2
300 _a288 с.
955 _a1
041 _aukr
080 _a082
260 _aК.
_bНаукова думка
_c1966
650 7 _a08 Видання. Колективні праці
_2UDC
999 _c431183
_d431183